[Event "Bundesliga 9899"]
[Site "Deutschland"]
[Date "1999.04.17"]
[Round "14.3"]
[White "Bunzmann, Dimitrij"]
[Black "Proehl, Holger"]
[Result "1-0"]
[WhiteElo "2555"]
[BlackElo "2401"]
[PlyCount "95"]
[EventDate "1998.10.17"]
[EventType "team"]
[EventRounds "15"]
[EventCountry "GER"]
[SourceTitle "Bundesliga 9899"]
[Source "DeepChess"]
[SourceDate "2005.01.01"]
[SourceVersion "1"]
[SourceVersionDate "2005.01.01"]
[SourceQuality "1"]
[WhiteTeam "SF Neukoelln 03 e.V."]
[BlackTeam "USC Magdeburg"]
[WhiteTeamCountry "GER"]
[BlackTeamCountry "GER"]

1. d4 d5 2. c4 e6 3. Nc3 Nf6 4. cxd5 exd5 5. Bg5 Be7 6. e3 c6 7. Bd3 Nbd7 8.
Nf3 O-O 9. Qc2 Re8 10. h3 Nf8 11. Bf4 Bd6 12. Bxd6 Qxd6 13. O-O-O b6 14. Kb1
Bb7 15. e4 dxe4 16. Nxe4 Nxe4 17. Bxe4 Re7 18. Ne5 Rc8 19. Rhe1 g6 20. Bf3 Ne6
21. Qc3 Nf4 22. Nc4 Qf6 23. Rxe7 Qxe7 24. Qe3 Qf6 25. Qe5 Qxe5 26. dxe5 Ba6 27.
b3 Bxc4 28. bxc4 Rc7 29. Rd4 Ne6 30. Rd6 c5 31. Bd5 Nd4 32. f4 Re7 33. Rf6 Kg7
34. a4 Rd7 35. Kb2 Nf5 36. Bc6 Rd2+ 37. Kc3 Rd8 38. Bd5 Rd7 39. Kd3 h6 40. g4
Nd4 41. Ke4 Nb3 42. Rd6 Rc7 43. f5 gxf5+ 44. gxf5 Nd4 45. Rd8 Ne2 46. f6+ Kg6
47. Rg8+ Kh5 48. Rg7 1-0

[Event "Bundesliga 9899"]
[Site "Deutschland"]
[Date "1999.04.17"]
[Round "14.4"]
[White "Naumann, Alexander"]
[Black "Berndt, Stephan"]
[Result "1/2-1/2"]
[WhiteElo "2480"]
[BlackElo "2501"]
[PlyCount "54"]
[EventDate "1998.10.17"]
[EventType "team"]
[EventRounds "15"]
[EventCountry "GER"]
[SourceTitle "Bundesliga 9899"]
[Source "DeepChess"]
[SourceDate "2005.01.01"]
[SourceVersion "1"]
[SourceVersionDate "2005.01.01"]
[SourceQuality "1"]
[WhiteTeam "USC Magdeburg"]
[BlackTeam "SF Neukoelln 03 e.V."]
[WhiteTeamCountry "GER"]
[BlackTeamCountry "GER"]

1. Nf3 Nf6 2. c4 g6 3. Nc3 d5 4. d4 Bg7 5. Qb3 dxc4 6. Qxc4 O-O 7. e4 Na6 8.
Be2 c5 9. d5 e6 10. O-O exd5 11. exd5 Bf5 12. Be3 Rc8 13. Rad1 h6 14. d6 Nb4
15. a3 Nc2 16. Qb3 Nxe3 17. fxe3 Be6 18. Bc4 Bxc4 19. Qxc4 Rc6 20. Ne5 Rxd6 21.
Nxg6 Re8 22. Qxc5 Ne4 23. Rxd6 Qxd6 24. Nxe4 Qxc5 25. Nxc5 fxg6 26. Nxb7 Bxb2
27. Nd6 Rxe3 1/2-1/2

[Event "Bundesliga 9899"]
[Site "Deutschland"]
[Date "1999.04.17"]
[Round "14.5"]
[White "Brynell, Stellan"]
[Black "Machelett, Heiko"]
[Result "1-0"]
[WhiteElo "2489"]
[BlackElo "2436"]
[PlyCount "67"]
[EventDate "1998.10.17"]
[EventType "team"]
[EventRounds "15"]
[EventCountry "GER"]
[SourceTitle "Bundesliga 9899"]
[Source "DeepChess"]
[SourceDate "2005.01.01"]
[SourceVersion "1"]
[SourceVersionDate "2005.01.01"]
[SourceQuality "1"]
[WhiteTeam "SF Neukoelln 03 e.V."]
[BlackTeam "USC Magdeburg"]
[WhiteTeamCountry "GER"]
[BlackTeamCountry "GER"]

1. e4 e6 2. d4 d5 3. Nd2 Nf6 4. e5 Nfd7 5. c3 c5 6. Bd3 Nc6 7. Ne2 cxd4 8. cxd4
f6 9. exf6 Qxf6 10. Nf3 h6 11. O-O Bd6 12. Bb1 O-O 13. Qd3 Rd8 14. g3 Nf8 15.
Bf4 Bxf4 16. Nxf4 Bd7 17. Qe3 Rac8 18. Re1 b6 19. h4 Re8 20. Bd3 Nb4 21. Ne5
Red8 22. Rac1 Rxc1 23. Rxc1 Rc8 24. Rxc8 Bxc8 25. Bb1 Bb7 26. Qc3 Na6 27. Qa3
Qd8 28. Bd3 Nb8 29. Qxa7 Qc7 30. Bb5 Nbd7 31. Nxd7 Nxd7 32. Bxd7 Qxd7 33. Qxb6
Bc8 34. Ng6 1-0

[Event "Bundesliga 9899"]
[Site "Deutschland"]
[Date "1999.04.17"]
[Round "14.6"]
[White "Stolz, Mike"]
[Black "Hellsten, Johan"]
[Result "0-1"]
[WhiteElo "2320"]
[BlackElo "2467"]
[PlyCount "84"]
[EventDate "1998.10.17"]
[EventType "team"]
[EventRounds "15"]
[EventCountry "GER"]
[SourceTitle "Bundesliga 9899"]
[Source "DeepChess"]
[SourceDate "2005.01.01"]
[SourceVersion "1"]
[SourceVersionDate "2005.01.01"]
[SourceQuality "1"]
[WhiteTeam "USC Magdeburg"]
[BlackTeam "SF Neukoelln 03 e.V."]
[WhiteTeamCountry "GER"]
[BlackTeamCountry "GER"]

1. e4 c5 2. Nf3 e6 3. d4 cxd4 4. Nxd4 a6 5. Bd3 Nf6 6. O-O Qc7 7. c4 Nc6 8.
Nxc6 dxc6 9. f4 e5 10. f5 Bc5+ 11. Kh1 h5 12. Qe2 Ng4 13. Nc3 Qd8 14. g3 Nf2+
15. Rxf2 Bxf2 16. Qxf2 Qxd3 17. Be3 b5 18. a3 Qxc4 19. Qc2 f6 20. b3 Qf7 21.
Nxb5 cxb5 22. Qc6+ Qd7 23. Qxa8 Qb7 24. Qxb7 Bxb7 25. Rd1 O-O 26. Kg1 Rc8 27.
Bb6 Rc3 28. Rd7 Bxe4 29. Ra7 Rxb3 30. Rxa6 Rb2 31. Bc5 Rg2+ 32. Kf1 Rxh2 33.
Rb6 Rb2 34. Bb4 Kh7 35. Ke1 Rg2 36. Rxb5 Rxg3 37. Kf2 h4 38. Rc5 Rg2+ 39. Kf1
h3 40. Rc3 h2 41. Rh3+ Kg8 42. Rh4 Rg1+ 0-1

[Event "Bundesliga 9899"]
[Site "Deutschland"]
[Date "1999.04.17"]
[Round "14.7"]
[White "Polzin, Rainer"]
[Black "Kapischka, Jens"]
[Result "1-0"]
[WhiteElo "2443"]
[BlackElo "2315"]
[PlyCount "51"]
[EventDate "1998.10.17"]
[EventType "team"]
[EventRounds "15"]
[EventCountry "GER"]
[SourceTitle "Bundesliga 9899"]
[Source "DeepChess"]
[SourceDate "2005.01.01"]
[SourceVersion "1"]
[SourceVersionDate "2005.01.01"]
[SourceQuality "1"]
[WhiteTeam "SF Neukoelln 03 e.V."]
[BlackTeam "USC Magdeburg"]
[WhiteTeamCountry "GER"]
[BlackTeamCountry "GER"]

1. e4 c5 2. Nc3 d6 3. f4 Nc6 4. Nf3 e6 5. d4 cxd4 6. Nxd4 Nf6 7. Be3 Be7 8. Be2
O-O 9. O-O Bd7 10. Nb3 a5 11. a4 Nb4 12. Bf3 Bc6 13. Nd4 Rc8 14. Qe2 d5 15. e5
Nd7 16. Ncb5 Nc5 17. c3 Nba6 18. f5 exf5 19. Nxf5 Ne6 20. Na7 Ra8 21. Qxa6 bxa6
22. Nxc6 Qc7 23. Nfxe7+ Kh8 24. Bxd5 Rae8 25. Bxe6 fxe6 26. b4 1-0

[Event "Bundesliga 9899"]
[Site "Deutschland"]
[Date "1999.04.17"]
[Round "14.8"]
[White "Darnstaedt, Frank"]
[Black "Rudolf, Henrik"]
[Result "1/2-1/2"]
[WhiteElo "2301"]
[BlackElo "2338"]
[PlyCount "84"]
[EventDate "1998.10.17"]
[EventType "team"]
[EventRounds "15"]
[EventCountry "GER"]
[SourceTitle "Bundesliga 9899"]
[Source "DeepChess"]
[SourceDate "2005.01.01"]
[SourceVersion "1"]
[SourceVersionDate "2005.01.01"]
[SourceQuality "1"]
[WhiteTeam "USC Magdeburg"]
[BlackTeam "SF Neukoelln 03 e.V."]
[WhiteTeamCountry "GER"]
[BlackTeamCountry "GER"]

1. e4 g6 2. d4 Bg7 3. Nc3 d6 4. h3 Nf6 5. Nf3 O-O 6. Bd3 e5 7. dxe5 dxe5 8.
Nxe5 Nxe4 9. Nxe4 Bxe5 10. Bg5 Qd4 11. c3 Qb6 12. Qc2 Be6 13. O-O Nd7 14. Rfe1
Rfe8 15. Be3 Qc6 16. Ng5 Bd5 17. c4 Be6 18. Nxe6 Qxe6 19. Rad1 Nf8 20. f4 Bg7
21. f5 Qf6 22. Bf2 Rad8 23. Rxe8 Rxe8 24. b4 Qg5 25. Qc1 Qh5 26. Re1 Rd8 27.
Qc2 Qg5 28. a4 Qf4 29. g3 Qd6 30. Be4 Bd4 31. Bxd4 Qxd4+ 32. Kh2 Re8 33. fxg6
hxg6 34. Re2 b6 35. Bd5 Re3 36. Rxe3 Qxe3 37. h4 a5 38. bxa5 bxa5 39. Kg2 Qe5
40. Qd2 Kg7 41. Qf2 Ne6 42. Qf3 Qb2+ 1/2-1/2

[Event "Bundesliga 9899"]
[Site "Deutschland"]
[Date "1999.04.17"]
[Round "14.3"]
[White "Schmittdiel, Eckhard"]
[Black "Wells, Peter K"]
[Result "0-1"]
[WhiteElo "2483"]
[BlackElo "2492"]
[PlyCount "30"]
[EventDate "1998.10.17"]
[EventType "team"]
[EventRounds "15"]
[EventCountry "GER"]
[SourceTitle "Bundesliga 9899"]
[Source "DeepChess"]
[SourceDate "2005.01.01"]
[SourceVersion "1"]
[SourceVersionDate "2005.01.01"]
[SourceQuality "1"]
[WhiteTeam "SG Bochum 31"]
[BlackTeam "SK Passau 1869"]
[WhiteTeamCountry "GER"]
[BlackTeamCountry "GER"]

1. e4 c5 2. c3 Nf6 3. e5 Nd5 4. d4 cxd4 5. Qxd4 e6 6. Nf3 Nc6 7. Qe4 Qc7 8.
Nbd2 f5 9. exf6 Nxf6 10. Qh4 d5 11. Bd3 e5 12. Bg6+ hxg6 13. Qxh8 e4 14. Nd4
Ne5 15. O-O g5 0-1

[Event "Bundesliga 9899"]
[Site "Deutschland"]
[Date "1999.04.17"]
[Round "14.4"]
[White "Smejkal, Jan"]
[Black "Bosch, Jeroen"]
[Result "1-0"]
[WhiteElo "2525"]
[BlackElo "2470"]
[PlyCount "75"]
[EventDate "1998.10.17"]
[EventType "team"]
[EventRounds "15"]
[EventCountry "GER"]
[SourceTitle "Bundesliga 9899"]
[Source "DeepChess"]
[SourceDate "2005.01.01"]
[SourceVersion "1"]
[SourceVersionDate "2005.01.01"]
[SourceQuality "1"]
[WhiteTeam "SK Passau 1869"]
[BlackTeam "SG Bochum 31"]
[WhiteTeamCountry "GER"]
[BlackTeamCountry "GER"]

1. Nf3 f5 2. g3 Nf6 3. Bg2 g6 4. b3 Bg7 5. Bb2 d6 6. d4 O-O 7. O-O Ne4 8. Nbd2
Nxd2 9. Qxd2 Nc6 10. Ne1 d5 11. e3 e6 12. Nd3 Nb8 13. c4 c6 14. Rac1 Re8 15. f3
b6 16. Rc2 Bb7 17. Rfc1 a5 18. a4 Na6 19. f4 Bf8 20. c5 bxc5 21. dxc5 Bg7 22.
Bxg7 Kxg7 23. Qc3+ Kg8 24. Bf3 Qc7 25. Rg2 Rab8 26. g4 Bc8 27. Kh1 Nb4 28. Ne5
Re7 29. gxf5 exf5 30. Nxg6 Rg7 31. Rcg1 hxg6 32. Rxg6 Rb7 33. Rxg7+ Qxg7 34. h3
Rf7 35. Rxg7+ Rxg7 36. Qf6 Ba6 37. Qd8+ Kh7 38. Qxa5 1-0

[Event "Bundesliga 9899"]
[Site "Deutschland"]
[Date "1999.04.17"]
[Round "14.5"]
[White "Ellers, Holger"]
[Black "Pichler, Juergen"]
[Result "1/2-1/2"]
[WhiteElo "2417"]
[BlackElo "2395"]
[PlyCount "44"]
[EventDate "1998.10.17"]
[EventType "team"]
[EventRounds "15"]
[EventCountry "GER"]
[SourceTitle "Bundesliga 9899"]
[Source "DeepChess"]
[SourceDate "2005.01.01"]
[SourceVersion "1"]
[SourceVersionDate "2005.01.01"]
[SourceQuality "1"]
[WhiteTeam "SG Bochum 31"]
[BlackTeam "SK Passau 1869"]
[WhiteTeamCountry "GER"]
[BlackTeamCountry "GER"]

1. d4 d5 2. c4 c6 3. cxd5 cxd5 4. Bf4 Nf6 5. Nc3 a6 6. e3 Nc6 7. Bd3 Bg4 8.
Nge2 e6 9. O-O Bd6 10. f3 Bh5 11. Rc1 O-O 12. Kh1 Bg6 13. Bxg6 hxg6 14. Bg5 Be7
15. Bxf6 Bxf6 16. Na4 Rc8 17. Nc5 Qe7 18. b3 Rfd8 19. Qd2 e5 20. dxe5 Bxe5 21.
Nd3 Bb8 22. Nd4 Qd6 1/2-1/2

[Event "Bundesliga 9899"]
[Site "Deutschland"]
[Date "1999.04.17"]
[Round "14.6"]
[White "Klebel, Martin"]
[Black "De Gleria, Francesco"]
[Result "1-0"]
[WhiteElo "2405"]
[BlackElo "2433"]
[PlyCount "81"]
[EventDate "1998.10.17"]
[EventType "team"]
[EventRounds "15"]
[EventCountry "GER"]
[SourceTitle "Bundesliga 9899"]
[Source "DeepChess"]
[SourceDate "2005.01.01"]
[SourceVersion "1"]
[SourceVersionDate "2005.01.01"]
[SourceQuality "1"]
[WhiteTeam "SK Passau 1869"]
[BlackTeam "SG Bochum 31"]
[WhiteTeamCountry "GER"]
[BlackTeamCountry "GER"]

1. d4 Nf6 2. Nf3 g6 3. c4 Bg7 4. Nc3 O-O 5. e4 d6 6. Be2 e5 7. Be3 c6 8. O-O
exd4 9. Nxd4 Re8 10. f3 d5 11. cxd5 cxd5 12. Qb3 Nc6 13. Rad1 Qa5 14. Qb5 Qxb5
15. Ndxb5 dxe4 16. Nc7 exf3 17. Bxf3 Rxe3 18. Nxa8 Bf5 19. Nc7 h5 20. Rfe1 Ng4
21. N7b5 Nb4 22. Rd8+ Kh7 23. Rxe3 Nxe3 24. Bxb7 Bf6 25. Ra8 Be7 26. a3 Nd3 27.
b4 Nc4 28. Bd5 Nd2 29. Rxa7 Bg5 30. Rxf7+ Kh6 31. Nd1 Bg4 32. Nbc3 Bd8 33. Rb7
Bf6 34. h3 Bd4+ 35. Kh1 Bf5 36. Ne2 Nf2+ 37. Nxf2 Bxf2 38. Rf7 h4 39. Be6 Kg5
40. Bxf5 gxf5 41. a4 1-0

[Event "Bundesliga 9899"]
[Site "Deutschland"]
[Date "1999.04.17"]
[Round "14.7"]
[White "Kitte, Sebastian"]
[Black "Gross, David2"]
[Result "0-1"]
[WhiteElo "2330"]
[BlackElo "2371"]
[PlyCount "72"]
[EventDate "1998.10.17"]
[EventType "team"]
[EventRounds "15"]
[EventCountry "GER"]
[SourceTitle "Bundesliga 9899"]
[Source "DeepChess"]
[SourceDate "2005.01.01"]
[SourceVersion "1"]
[SourceVersionDate "2005.01.01"]
[SourceQuality "1"]
[WhiteTeam "SG Bochum 31"]
[BlackTeam "SK Passau 1869"]
[WhiteTeamCountry "GER"]
[BlackTeamCountry "GER"]

1. d4 Nf6 2. c4 e6 3. Nc3 Bb4 4. e3 O-O 5. Bd3 c5 6. Nge2 d5 7. cxd5 cxd4 8.
exd4 Nxd5 9. O-O Nc6 10. Bc2 Re8 11. Qd3 g6 12. Rd1 Bf8 13. a3 Bg7 14. Ne4 Nce7
15. Bg5 Qb6 16. Ba4 Rd8 17. N2c3 Bd7 18. Nxd5 exd5 19. Nc3 Bxa4 20. Nxa4 Qd6
21. Nc5 Rdb8 22. Qd2 Re8 23. Nxb7 Qb6 24. Nc5 Nf5 25. Rac1 Nxd4 26. Be3 Nf5 27.
Qxd5 Nxe3 28. fxe3 Rad8 29. Qc4 Rxd1+ 30. Rxd1 Qxb2 31. Rf1 Re7 32. Nd7 Qb7 33.
Nf6+ Bxf6 34. Rxf6 Rxe3 35. Rc6 Qb1+ 36. Kf2 Qe1# 0-1

[Event "Bundesliga 9899"]
[Site "Deutschland"]
[Date "1999.04.17"]
[Round "14.8"]
[White "Kaiser, Wolfgang"]
[Black "Scholz, Christian"]
[Result "0-1"]
[WhiteElo "2395"]
[BlackElo "2275"]
[PlyCount "74"]
[EventDate "1998.10.17"]
[EventType "team"]
[EventRounds "15"]
[EventCountry "GER"]
[SourceTitle "Bundesliga 9899"]
[Source "DeepChess"]
[SourceDate "2005.01.01"]
[SourceVersion "1"]
[SourceVersionDate "2005.01.01"]
[SourceQuality "1"]
[WhiteTeam "SK Passau 1869"]
[BlackTeam "SG Bochum 31"]
[WhiteTeamCountry "GER"]
[BlackTeamCountry "GER"]

1. Nf3 d6 2. g3 Nf6 3. Bg2 g6 4. b3 Bg7 5. Bb2 e5 6. c4 O-O 7. Nc3 Nc6 8. d3 h6
9. O-O Be6 10. Nd2 Qd7 11. Nde4 Nh5 12. Nd5 Nd8 13. f4 c6 14. Ne3 f5 15. Nc3
exf4 16. gxf4 Bd4 17. Qd2 g5 18. fxg5 f4 19. Ncd5 fxe3 20. Rxf8+ Kxf8 21. Rf1+
Kg8 22. Nxe3 Bxb2 23. Qxb2 hxg5 24. Be4 Qg7 25. Qd2 Nf4 26. Kh1 Bh3 27. Rg1
Nde6 28. Nf5 Qe5 29. Ng3 d5 30. e3 dxe4 31. exf4 e3 32. fxe5 exd2 33. Rd1 Nd4
34. Ne4 Nf3 35. Nxd2 Nxd2 36. Rxd2 c5 37. d4 Rf8 0-1

[Event "Bundesliga 9899"]
[Site "Deutschland"]
[Date "1999.04.17"]
[Round "14.1"]
[White "Hall, Jesper"]
[Black "Lutz, Christopher"]
[Result "1/2-1/2"]
[WhiteElo "2486"]
[BlackElo "2610"]
[PlyCount "54"]
[EventDate "1998.10.17"]
[EventType "team"]
[EventRounds "15"]
[EventCountry "GER"]
[SourceTitle "Bundesliga 9899"]
[Source "DeepChess"]
[SourceDate "2005.01.01"]
[SourceVersion "1"]
[SourceVersionDate "2005.01.01"]
[SourceQuality "1"]
[WhiteTeam "SV Wattenscheid 1930"]
[BlackTeam "SG Porz e.V."]
[WhiteTeamCountry "GER"]
[BlackTeamCountry "GER"]

1. e4 c5 2. Nf3 d6 3. d4 cxd4 4. Qxd4 a6 5. c4 Nc6 6. Qd2 g6 7. b3 Bg7 8. Nc3
Nf6 9. Bb2 O-O 10. Be2 Bg4 11. h3 Bxf3 12. Bxf3 Rb8 13. O-O b5 14. Nd5 e6 15.
Nxf6+ Bxf6 16. cxb5 Bxb2 17. Qxb2 axb5 18. Rac1 Rb6 19. Be2 b4 20. f4 Ne7 21.
Rcd1 d5 22. Qd4 Rb8 23. exd5 Qxd5 24. Bf3 Qa5 25. Qf2 Rbd8 26. Rc1 Rc8 27. Rc4
Nf5 1/2-1/2

[Event "Bundesliga 9899"]
[Site "Deutschland"]
[Date "1999.04.17"]
[Round "14.5"]
[White "Franke, Johannes"]
[Black "Vaganian, Rafael A"]
[Result "0-1"]
[WhiteElo "2270"]
[BlackElo "2605"]
[PlyCount "64"]
[EventDate "1998.10.17"]
[EventType "team"]
[EventRounds "15"]
[EventCountry "GER"]
[SourceTitle "Bundesliga 9899"]
[Source "DeepChess"]
[SourceDate "2005.01.01"]
[SourceVersion "1"]
[SourceVersionDate "2005.01.01"]
[SourceQuality "1"]
[WhiteTeam "SV Wattenscheid 1930"]
[BlackTeam "SG Porz e.V."]
[WhiteTeamCountry "GER"]
[BlackTeamCountry "GER"]

1. e4 e6 2. d3 d5 3. Nd2 Nf6 4. Ngf3 Nc6 5. g3 e5 6. Bg2 dxe4 7. dxe4 Bc5 8.
O-O O-O 9. Qe2 b6 10. Nc4 Ba6 11. c3 Na5 12. Nfd2 Qc8 13. b3 Qe6 14. h3 Rad8
15. Kh2 Ne8 16. f4 Nxc4 17. bxc4 exf4 18. gxf4 Nd6 19. e5 Bxc4 20. Nxc4 Qxc4
21. Qg4 Qxc3 22. Rb1 f5 23. Qg5 Ne4 24. Bxe4 fxe4 25. Rb2 Rd3 26. Qg4 g6 27.
Rg2 Rf3 28. Rd1 Rf2 29. Rxf2 Bxf2 30. Qg2 e3 31. Qd5+ Kh8 32. Qf3 e2 0-1

[Event "Bundesliga 9899"]
[Site "Deutschland"]
[Date "1999.04.17"]
[Round "14.6"]
[White "Hansen, Curt"]
[Black "Sandkamp, Ralph"]
[Result "1-0"]
[WhiteElo "2608"]
[BlackElo "2271"]
[PlyCount "47"]
[EventDate "1998.10.17"]
[EventType "team"]
[EventRounds "15"]
[EventCountry "GER"]
[SourceTitle "Bundesliga 9899"]
[Source "DeepChess"]
[SourceDate "2005.01.01"]
[SourceVersion "1"]
[SourceVersionDate "2005.01.01"]
[SourceQuality "1"]
[WhiteTeam "SG Porz e.V."]
[BlackTeam "SV Wattenscheid 1930"]
[WhiteTeamCountry "GER"]
[BlackTeamCountry "GER"]

1. c4 c5 2. Nf3 g6 3. d4 cxd4 4. Nxd4 Bg7 5. e4 Nc6 6. Be3 Nf6 7. Nc3 O-O 8.
Be2 d6 9. O-O Nxd4 10. Bxd4 Bd7 11. Re1 Bc6 12. Bd3 a5 13. b3 Nd7 14. Bxg7 Kxg7
15. Bc2 Re8 16. Qd2 Nc5 17. Rad1 Qb6 18. Nd5 Qd8 19. e5 Bxd5 20. Qxd5 Qb6 21.
Qd4 Kg8 22. e6 Rf8 23. exf7+ Rxf7 24. Qh4 1-0

[Event "Bundesliga 9899"]
[Site "Deutschland"]
[Date "1999.04.17"]
[Round "14.7"]
[White "Thiel, Thomas"]
[Black "Nijboer, Friso"]
[Result "0-1"]
[WhiteElo "2311"]
[BlackElo "2534"]
[PlyCount "54"]
[EventDate "1998.10.17"]
[EventType "team"]
[EventRounds "15"]
[EventCountry "GER"]
[SourceTitle "Bundesliga 9899"]
[Source "DeepChess"]
[SourceDate "2005.01.01"]
[SourceVersion "1"]
[SourceVersionDate "2005.01.01"]
[SourceQuality "1"]
[WhiteTeam "SV Wattenscheid 1930"]
[BlackTeam "SG Porz e.V."]
[WhiteTeamCountry "GER"]
[BlackTeamCountry "GER"]

1. e4 c5 2. Nf3 e6 3. Nc3 a6 4. g3 b5 5. d4 cxd4 6. Nxd4 Bb7 7. Bg2 Nf6 8. O-O
b4 9. Na4 Bxe4 10. Bxe4 Nxe4 11. Re1 Nf6 12. Qf3 d5 13. Bg5 Nbd7 14. c4 bxc3
15. Nxc3 Bc5 16. Rxe6+ fxe6 17. Nxe6 Qb6 18. Nxd5 Qxb2 19. Rf1 Kf7 20. Bxf6
Nxf6 21. Ng5+ Kg6 22. h4 Raf8 23. Ne6 Qe5 24. Qd3+ Qe4 25. Nef4+ Kf5 26. Qb3
Re8 27. Qa4 Qxa4 0-1

[Event "Bundesliga 9899"]
[Site "Deutschland"]
[Date "1999.04.17"]
[Round "14.8"]
[White "Vogt, Lothar"]
[Black "Lauzeningks, Jan"]
[Result "0-1"]
[WhiteElo "2466"]
[BlackElo "2310"]
[PlyCount "48"]
[EventDate "1998.10.17"]
[EventType "team"]
[EventRounds "15"]
[EventCountry "GER"]
[SourceTitle "Bundesliga 9899"]
[Source "DeepChess"]
[SourceDate "2005.01.01"]
[SourceVersion "1"]
[SourceVersionDate "2005.01.01"]
[SourceQuality "1"]
[WhiteTeam "SG Porz e.V."]
[BlackTeam "SV Wattenscheid 1930"]
[WhiteTeamCountry "GER"]
[BlackTeamCountry "GER"]

1. e4 c5 2. c3 Nf6 3. e5 Nd5 4. Nf3 e6 5. d4 cxd4 6. cxd4 b6 7. Nc3 Nxc3 8.
bxc3 Qc7 9. Bd2 Bb7 10. Bd3 d6 11. O-O Nd7 12. Bf4 Be7 13. Rc1 O-O 14. Re1 Rfd8
15. exd6 Bxd6 16. Bxh7+ Kxh7 17. Ng5+ Kg8 18. Bxd6 Qxd6 19. Qh5 Qf4 20. Qh7+
Kf8 21. h4 Qf5 22. Qh8+ Ke7 23. Qxg7 Rg8 24. Nxe6 Kd6 0-1

[Event "Bundesliga 9899"]
[Site "Deutschland"]
[Date "1999.04.18"]
[Round "15.1"]
[White "Bauer, Christian"]
[Black "Rogers, Ian"]
[Result "1/2-1/2"]
[WhiteElo "2528"]
[BlackElo "2618"]
[PlyCount "51"]
[EventDate "1998.10.17"]
[EventType "team"]
[EventRounds "15"]
[EventCountry "GER"]
[SourceTitle "Bundesliga 9899"]
[Source "DeepChess"]
[SourceDate "2005.01.01"]
[SourceVersion "1"]
[SourceVersionDate "2005.01.01"]
[SourceQuality "1"]
[WhiteTeam "SK Viernheim"]
[BlackTeam "Delmenhorster SK 1931"]
[WhiteTeamCountry "GER"]
[BlackTeamCountry "GER"]

1. d4 c6 2. Nf3 d5 3. c4 Nf6 4. Qb3 Qb6 5. Nc3 Bf5 6. c5 Qc7 7. Bf4 Qc8 8. e3
Nbd7 9. Rc1 h6 10. h3 g5 11. Bh2 Bg7 12. Be2 O-O 13. Qd1 Ne4 14. O-O b6 15.
cxb6 Nxc3 16. bxc3 axb6 17. c4 Be6 18. Qb3 Qb7 19. c5 b5 20. Bd3 Ra7 21. Bb1
Rfa8 22. Qc2 f6 23. Qh7+ Kf8 24. Rfe1 Nb8 25. Ne5 Bg8 26. Ng6+ 1/2-1/2

[Event "Bundesliga 9899"]
[Site "Deutschland"]
[Date "1999.04.18"]
[Round "15.2"]
[White "Agdestein, Simen"]
[Black "Rausis, Igors"]
[Result "0-1"]
[WhiteElo "2550"]
[BlackElo "2508"]
[PlyCount "80"]
[EventDate "1998.10.17"]
[EventType "team"]
[EventRounds "15"]
[EventCountry "GER"]
[SourceTitle "Bundesliga 9899"]
[Source "DeepChess"]
[SourceDate "2005.01.01"]
[SourceVersion "1"]
[SourceVersionDate "2005.01.01"]
[SourceQuality "1"]
[WhiteTeam "Delmenhorster SK 1931"]
[BlackTeam "SK Viernheim"]
[WhiteTeamCountry "GER"]
[BlackTeamCountry "GER"]

1. c4 c6 2. b3 d5 3. Bb2 Bg4 4. d3 Nd7 5. h3 Bh5 6. Nd2 e5 7. cxd5 cxd5 8. g4
Bg6 9. Bg2 Qa5 10. Ngf3 Bd6 11. O-O Ne7 12. e4 d4 13. Nc4 Qa6 14. Nh4 b5 15.
Nxd6+ Qxd6 16. f4 f6 17. Nf5 Bxf5 18. exf5 Rc8 19. Qf3 O-O 20. Rae1 Rfd8 21.
fxe5 Nxe5 22. Qe4 Rc6 23. a3 b4 24. axb4 Qxb4 25. Ra1 Rc7 26. Rfb1 h6 27. Bf1
Nd5 28. Ra4 Qxb3 29. Rxd4 Rcd7 30. Bg2 Nc3 31. Rxd7 Rxd7 32. Qa8+ Kh7 33. Qe8
Qb6+ 34. Kh1 Rd8 35. Qe7 Nxb1 36. Bxe5 fxe5 37. Be4 Kh8 38. g5 hxg5 39. Qxg5
Nc3 40. Qh4+ Kg8 0-1

[Event "Bundesliga 9899"]
[Site "Deutschland"]
[Date "1999.04.18"]
[Round "15.3"]
[White "Beikert, Guenther"]
[Black "Conquest, Stuart"]
[Result "0-1"]
[WhiteElo "2440"]
[BlackElo "2488"]
[PlyCount "52"]
[EventDate "1998.10.17"]
[EventType "team"]
[EventRounds "15"]
[EventCountry "GER"]
[SourceTitle "Bundesliga 9899"]
[Source "DeepChess"]
[SourceDate "2005.01.01"]
[SourceVersion "1"]
[SourceVersionDate "2005.01.01"]
[SourceQuality "1"]
[WhiteTeam "SK Viernheim"]
[BlackTeam "Delmenhorster SK 1931"]
[WhiteTeamCountry "GER"]
[BlackTeamCountry "GER"]

1. c4 b6 2. e4 Bb7 3. Nc3 e6 4. g3 f5 5. Bg2 Nf6 6. d3 fxe4 7. Nge2 Nc6 8. dxe4
Bc5 9. h3 O-O 10. O-O Rb8 11. b3 Qe8 12. a3 a5 13. Nb5 Qg6 14. Nbc3 Ne5 15. Bf4
d6 16. Qb1 Nh5 17. b4 Nxf4 18. bxc5 Nxg2 19. Kxg2 bxc5 20. f4 Bc6 21. Qc2 Nxc4
22. Qd3 d5 23. f5 Qh6 24. Rf4 Ne5 25. Qa6 dxe4 26. Qxa5 e3+ 0-1